000
00330nam a2200145Ia 4500
001
R-853
003
CODICE-MESSINA
005
20260212102458.0
008
260211s9999 xx 000 0 und d
040
_c
importazione_messina
100
_a
Valentina D'urbano
245
0
_a
Acquanera
260
_b
Longanesi
942
_2
ddc
_c
BK
999
_c
27345
_d
27345